Longest English Word in any major English language dictionary - Statistics

General Stats
  • This quiz has been taken 61 times
  • The average score is 29 of 45
Answer Stats
Longest Word % Correct
p
100%
pn
77%
pne
74%
pneu
74%
pneum
74%
pneumo
74%
pneumon
74%
pneumono
74%
pneumonou
71%
pneumonoul
69%
pneumonoult
69%
pneumonoultr
69%
pneumonoultra
69%
pneumonoultram
69%
pneumonoultrami
69%
pneumonoultramic
69%
pneumonoultramicr
69%
pneumonoultramicro
69%
pneumonoultramicros
69%
pneumonoultramicrosc
69%
pneumonoultramicrosco
69%
pneumonoultramicroscop
69%
pneumonoultramicroscopi
69%
pneumonoultramicroscopic
69%
pneumonoultramicroscopics
69%
pneumonoultramicroscopicsi
66%
pneumonoultramicroscopicsil
60%
pneumonoultramicroscopicsili
60%
pneumonoultramicroscopicsilic
60%
pneumonoultramicroscopicsilico
57%
pneumonoultramicroscopicsilicov
54%
pneumonoultramicroscopicsilicovo
54%
pneumonoultramicroscopicsilicovol
54%
pneumonoultramicroscopicsilicovolc
54%
pneumonoultramicroscopicsilicovolca
54%
pneumonoultramicroscopicsilicovolcan
54%
pneumonoultramicroscopicsilicovolcano
54%
pneumonoultramicroscopicsilicovolcanoc
54%
pneumonoultramicroscopicsilicovolcanoco
54%
pneumonoultramicroscopicsilicovolcanocon
54%
pneumonoultramicroscopicsilicovolcanoconi
54%
pneumonoultramicroscopicsilicovolcanoconio
54%
pneumonoultramicroscopicsilicovolcanoconios
54%
pneumonoultramicroscopicsilicovolcanoconiosi
54%
pneumonoultramicroscopicsilicovolcanoconiosis
54%
No matching quizzes found
Score Distribution
Percent of People with Each Score
Percentile by Number Answered
Your Score History
You have not taken this quiz